عرض عادي
عرض مارك
- O'Sullivan, Arthur.
مدخل إسم شخص
001 - رقم الضبط
- حقل الضبط: 18277
003 - معرف رقم الضبط
- حقل الضبط: OSt
005 - تاريخ ووقت أخر عملية
- حقل الضبط: 20121223140318.0
008 - عناصر بيانات ثابتة الطول
- حقل تحكم ثابت الطول: 121223|||a|||||| | ||| d
040 ## - مصدر الفهرسة
- هيئة الفهرسة الأصلية: OSt
- وكالة الكتابة: OSt
100 ## - مدخل -- أسم شخص
- إسم شخص: O'Sullivan, Arthur.
670 ## - بيانات المصدر موجوده
- الاستشهاد بالمصدر: Work cat.: (OSt)0: O'Sullivan, Arthur., Microeconomics :, c2012.
